| 000 | 00652nam a22001817a 4500 | ||
|---|---|---|---|
| 003 | OSt | ||
| 008 | 260606b |||||||| |||| 00| 0 eng d | ||
| 020 | _a9789353870607 | ||
| 082 |
_a631.81 _bY95H |
||
| 100 | _aYuvaraj, M. | ||
| 245 |
_aHand Book of Nutrient Management & Fertilizer Technology/ _bby M. Yuvaraj, V. Arunkumar |
||
| 260 |
_aDelhi: _bSatish Serial Publishing House, _c2021. |
||
| 300 | _axi, 278 p. | ||
| 650 | _aAgriculture and related technologies | ||
| 650 | _aFertilizers, soil conditioners, growth regulators I Nutrient management, plant nutrients, fertilizer technology, and use | ||
| 700 | _aArunkumar, V. | ||
| 942 |
_2ddc _cBK |
||
| 999 |
_c51656 _d51656 |
||